Titre de chansons de Johnny Hallyday - Statistiques

Statistiques générales
  • Ce quiz a été pris 82 fois
  • Le résultat moyen est 3 sur 17
Statistiques - réponses
Hint Réponse % Correct
Mon ciel c'était ses yeux, sa bouche. Ma vie c'était son corps, son corps... Requiem pour un fou
81%
Vivre sans toi, ce n'est plus vivre... Vivre
56%
Des hommes qui n'ont que l'illusion d'attendre un signe... Vivre pour le meilleur
48%
Ce merveilleux cadeau tombé du ciel, celui dont rêvent tous les papas... Mon plus beau Noël
42%
Toi, c'est la vie qui t'as envoyée vers moi pour me réapprendre à aimer... Un jour viendra
27%
Si aujourd'hui je ne crie plus, c'est qu'une autre a pris le dessus... Quelques cris
19%
Elle est belle comme les filles du jour... J'la croise tous les matins
13%
Mais ce qui est vrai, je le jure, c'est que je n'serais plus personne si un jour toi tu m'abandonnes... Autoportrait
9%
Elle est l'artère qui se bouche, elle est minuit dans un château... La peur
9%
Ceux qui tutoient les anges quand leur cœur bat pour deux, et reçoivent en échange de quoi rêver un peu... Ceux qui parlent aux étoiles
6%
Pourquoi m'faire mordre la terre, moi j'étais comme un père... Ex
6%
Tous briser, me taire pour un regard de toi... Te savoir près de moi
5%
Ne négocies pas ta dignité, tu ne pourras la racheter... Une lettre à l'enfant que j'étais
5%
Mais je vois dans tes yeux s'agrandir le brouillard ; et je sais que tu sais qu'il est déjà trop tard... Ma jolie Sarah
3%
Un jour un soir, tu m'aimeras... Notre histoire
3%
Et te voir grandir, c'est dans ton sourire... Te voir grandir
3%
Jusqu'au bout de ma vie, j'irais seul défier vos tabous... Comme un lion en hiver
2%
Aucun quiz correspondant
Distribution des résultats
% des personnes avec chaque résultat
Percentile par nombre de réponses
Votre historique - résultats
Vous n’avez pas pris ce quiz